[Event "SV Erkenschwick 2 - Sport Union Annen 1"]
[Site "Verbandsliga, Gruppe 1 2017/2"]
[Date "2018.02.25"]
[Round "7.7"]
[White "Jeschke, Holger"]
[Black "Mathea, Marc"]
[Result "0-1"]
[WhiteElo "1922"]
[BlackElo "1823"]
[PlyCount "64"]
[EventDate "2018.??.??"]

1. b4 e5 2. Bb2 Bxb4 3. f4 exf4 4. Bxg7 Qh4+ 5. g3 fxg3 6. Bg2 gxh2+ 7. Kf1
hxg1=Q+ 8. Kxg1 Qg5 9. Bxh8 h6 10. e3 d6 11. Qf3 Nc6 12. Nc3 Bxc3 13. Bxc3 Ne5
14. Bxe5 Qxe5 15. Rb1 c6 16. Rh5 Qg7 17. Qf4 Qg6 18. Rh2 b6 19. Kh1 Bd7 20. Be4
Qe6 21. c3 O-O-O 22. a4 Nf6 23. Bf3 Ng8 24. Rh5 Kc7 25. a5 b5 26. Qd4 c5 27.
Qd3 a6 28. Qc2 Ne7 29. Rg1 Qf6 30. Qe4 Bc6 31. Rf5 Qxf5 32. Qxe7+ Rd7 0-1

[Event "SV Erkenschwick 2 - Sport Union Annen 1"]
[Site "Verbandsliga, Gruppe 1 2017/2"]
[Date "2018.02.25"]
[Round "7.8"]
[White "Stoetzel, Martin"]
[Black "Al Ali, Mohammad"]
[Result "0-1"]
[WhiteElo "1751"]
[BlackElo "1794"]
[PlyCount "82"]
[EventDate "2018.??.??"]

1. e4 c5 2. Nf3 Nc6 3. d4 cxd4 4. Nxd4 e6 5. Be2 Nf6 6. Nc3 Bb4 7. Nxc6 bxc6 8.
Bd3 Qc7 9. O-O Bb7 10. Qe2 h5 11. h3 h4 12. Bd2 Bd6 13. Rae1 Nh5 14. e5 Bc5 15.
Kh1 Bd4 16. Bg5 a6 17. Na4 c5 18. c3 Qc6 19. Be4 Qxe4 20. Qxe4 Bxe4 21. Rxe4
Bxf2 22. Bf4 Ng3+ 23. Bxg3 hxg3 24. Rc4 Rh5 25. Nxc5 Rxe5 26. Nd3 Re2 27. Rf4
Rb8 28. Ra4 Rb6 29. b3 Rd6 30. Nxf2 gxf2 31. g4 Rdd2 32. Rxa6 Rxa2 33. Rb6 Re3
34. Kg2 Rxc3 35. b4 Rcc2 36. Rb8+ Ke7 37. h4 Rc4 38. Kg3 Rb2 39. b5 Rb3+ 40.
Kxf2 Rxg4 41. Rb7 Rf4+ 0-1

[Event "SV Kamen 2 - SF Essen-Katernberg  3"]
[Site "Verbandsliga, Gruppe 1 2017/2"]
[Date "2018.02.25"]
[Round "7.1"]
[White "Villwock, Martin"]
[Black "Rumpf, Thomas"]
[Result "1/2-1/2"]
[WhiteElo "2101"]
[BlackElo "2006"]
[PlyCount "44"]
[EventDate "2018.??.??"]

1. e4 e5 2. Nf3 Nc6 3. Bb5 a6 4. Ba4 Nf6 5. O-O b5 6. Bb3 Bc5 7. c3 d6 8. d4
Bb6 9. h3 O-O 10. Be3 Bb7 11. Nbd2 Re8 12. Re1 Na5 13. Bc2 exd4 14. Bxd4 c5 15.
Be3 Bxe4 16. Nxe4 Nxe4 17. Bg5 Nxg5 18. Rxe8+ Qxe8 19. Nxg5 g6 20. Qd5 Ra7 21.
Ne4 Qe5 22. Rd1 Qxd5 1/2-1/2

[Event "SV Kamen 2 - SF Essen-Katernberg  3"]
[Site "Verbandsliga, Gruppe 1 2017/2"]
[Date "2018.02.25"]
[Round "7.2"]
[White "Koch, Marcel"]
[Black "Stratmann, Holger"]
[Result "1-0"]
[WhiteElo "1900"]
[BlackElo "2009"]
[Annotator "Daniel"]
[PlyCount "101"]
[EventDate "2018.??.??"]

1. d4 Nf6 2. c4 e6 3. Nc3 c5 4. Nf3 cxd4 5. Nxd4 Nc6 6. e3 d5 7. cxd5 Nxd5 8.
Nxc6 bxc6 9. Bd2 Be7 10. Be2 O-O 11. O-O Nxc3 12. Bxc3 Bb7 13. Bf3 Qc7 14. Rc1
c5 $11 15. Bxb7 Qxb7 16. Qg4 g6 17. Rfd1 Rad8 18. Qa4 Bd6 19. Bf6 Be7 20. Bc3
Bd6 21. b3 f6 22. g3 Qe7 23. Qc6 Bc7 24. Bb2 Bb6 25. Ba3 Rc8 26. Qe4 Kf7 27.
Rc4 Rfd8 28. Rxd8 Rxd8 29. Qc6 Qd7 30. Qxd7+ Rxd7 31. Bxc5 Bxc5 32. Rxc5 Ke7
33. Kf1 f5 34. Ke2 Kf6 35. b4 Rd6 36. b5 Rd7 37. a4 g5 38. h3 h5 39. Rc6 Ke5
40. Rc2 g4 41. h4 Rb7 42. Rc8 Ke4 43. Rc4+ Kd5 44. Kd3 a6 45. Rd4+ Kc5 46. bxa6
Rb6 47. a7 Ra6 48. e4 fxe4+ 49. Kxe4 Rxa7 50. Ke5 Rf7 51. Rf4 1-0

[Event "SV Kamen 2 - SF Essen-Katernberg  3"]
[Site "Verbandsliga, Gruppe 1 2017/2"]
[Date "2018.02.25"]
[Round "7.3"]
[White "Gorainow, Nikita"]
[Black "Neumann, Carsten"]
[Result "1-0"]
[WhiteElo "1912"]
[BlackElo "2013"]
[Annotator "Daniel"]
[PlyCount "143"]
[EventDate "2018.??.??"]

1. e4 d6 2. d4 g6 3. Nc3 Bg7 4. Be2 a6 5. g4 Nd7 6. Be3 b5 7. a3 Bb7 8. h4 e6
9. f3 c5 10. dxc5 dxc5 11. Qd6 Qa5 12. O-O-O Rd8 13. Bg5 Bf6 14. Bxf6 Ngxf6 15.
Nh3 Qb6 16. Qf4 b4 17. Nb1 c4 18. Bxc4 Rc8 19. e5 Nd5 20. Bxd5 Bxd5 21. Ng5 O-O
22. Qxb4 Qe3+ 23. Qd2 Qxe5 24. Nc3 Nc5 25. Kb1 f6 26. Nxd5 exd5 27. Rhe1 Qc7
28. Qxd5+ Kh8 29. Ne4 Na4 30. Qb3 Nxb2 31. Rd4 Nc4 32. Ka2 Na5 33. Qb2 Qf7+ 34.
Ka1 Rxc2 35. Qxc2 Nb3+ 36. Kb2 Nxd4 37. Qc3 Rb8+ 38. Kc1 Qa2 39. Nd2 Nb3+ 40.
Nxb3 Qxa3+ 41. Kd2 Qa2+ 42. Qc2 Qa3 43. Re3 Qd6+ 44. Ke1 Qf4 $11 45. Qe2 Qa4
46. Kf2 a5 47. Kg2 Qd7 48. Nxa5 Ra8 49. Nc4 Rf8 50. Re7 Qa4 51. Nd6 Qb4 52. Qe6
Qd2+ 53. Kg3 Qd4 54. Nf7+ Rxf7 55. Qxf7 Qg1+ 56. Kf4 Qh2+ 57. Ke4 Qc2+ 58. Kd5
Qd3+ 59. Ke6 Qa6+ 60. Kd5 Qd3+ 61. Kc5 Qa3+ 62. Kb5 Qb2+ 63. Ka4 Qd4+ 64. Ka3
Qc5+ 65. Kb2 Qb4+ 66. Kc2 Qc5+ 67. Kd2 Qd4+ 68. Ke2 Qb2+ 69. Kf1 Qb1+ 70. Re1
Qd3+ 71. Kg2 Qd2+ 72. Kh3 1-0

[Event "SV Kamen 2 - SF Essen-Katernberg  3"]
[Site "Verbandsliga, Gruppe 1 2017/2"]
[Date "2018.02.25"]
[Round "7.4"]
[White "Traunecker, Thomas"]
[Black "Kudelka, Josua"]
[Result "1/2-1/2"]
[WhiteElo "1872"]
[BlackElo "1932"]
[PlyCount "51"]
[EventDate "2018.??.??"]

1. e4 c6 2. d4 d5 3. Nd2 dxe4 4. Nxe4 Nf6 5. Nxf6+ exf6 6. Nf3 Bd6 7. Be2 O-O
8. O-O Bg4 9. h3 Bh5 10. Be3 Re8 11. Qd2 Bc7 12. Rae1 Nd7 13. Bf4 Nf8 14. c3
Ne6 15. Bg3 Qb8 16. Bxc7 Qxc7 17. Ng5 Nxg5 18. Bxh5 Qa5 19. Rxe8+ Rxe8 20. Re1
Rxe1+ 21. Qxe1 g6 22. Bg4 Qxa2 23. Qe7 Qb1+ 24. Kh2 f5 25. Qd8+ Kg7 26. Qxg5
1/2-1/2

[Event "SV Kamen 2 - SF Essen-Katernberg  3"]
[Site "Verbandsliga, Gruppe 1 2017/2"]
[Date "2018.02.25"]
[Round "7.5"]
[White "Mueller-Clostermann, Bruno"]
[Black "Bals, Jochen"]
[Result "1-0"]
[WhiteElo "1991"]
[BlackElo "1855"]
[PlyCount "53"]
[EventDate "2018.??.??"]

1. Nf3 Nf6 2. c4 e6 3. g3 d5 4. Bg2 Be7 5. O-O O-O 6. d4 c6 7. Qc2 Ne4 8. b3 f5
9. Bb2 Nd7 10. Nfd2 Bg5 11. Nxe4 fxe4 12. f3 Nf6 13. Nd2 exf3 14. exf3 dxc4 15.
Nxc4 Nd5 16. f4 Bf6 17. Rfe1 g5 18. fxg5 Bxg5 19. Qe4 Nf6 20. Qe2 Nd5 21. Rf1
b5 22. Rxf8+ Qxf8 23. Rf1 Qg7 24. Ne5 Bb7 25. Rf7 Qxf7 26. Nxf7 Kxf7 27. Qh5+
1-0

[Event "SV Kamen 2 - SF Essen-Katernberg  3"]
[Site "Verbandsliga, Gruppe 1 2017/2"]
[Date "2018.02.25"]
[Round "7.6"]
[White "Markert, Dirk"]
[Black "Schmitz, Edgar"]
[Result "0-1"]
[WhiteElo "1886"]
[BlackElo "1849"]
[PlyCount "82"]
[EventDate "2018.??.??"]

1. e4 c5 2. Nc3 a6 3. Nf3 d6 4. d4 cxd4 5. Nxd4 Nf6 6. Bc4 e6 7. Bg5 Be7 8. O-O
Qc7 9. Bb3 Nc6 10. a4 O-O 11. Qd2 Bd7 12. Nf3 Na5 13. Ba2 b5 14. axb5 axb5 15.
Rfe1 Rfd8 16. e5 dxe5 17. Nxe5 Be8 18. Qe2 Rab8 19. Rad1 Rxd1 20. Rxd1 b4 21.
Nb1 Rc8 22. Rc1 b3 23. Nc3 bxa2 24. Nxa2 Nc6 25. Nf3 h6 26. Bh4 Qb6 27. Rb1 Nd4
28. Nxd4 Qxd4 29. Bg3 Nd5 30. b3 Nc3 31. Nxc3 Qxc3 32. Bf4 Qxc2 33. Qf1 Bb5 34.
Qe1 Bb4 35. Qd1 Qxd1+ 36. Rxd1 Kf8 37. Ra1 f6 38. h4 e5 39. Be3 Bd7 40. Ra7 Be6
41. Ra6 Bf7 0-1

[Event "SV Kamen 2 - SF Essen-Katernberg  3"]
[Site "Verbandsliga, Gruppe 1 2017/2"]
[Date "2018.02.25"]
[Round "7.7"]
[White "Armbruester, Juergen"]
[Black "Spaeh, Jan Lukas"]
[Result "1/2-1/2"]
[WhiteElo "1836"]
[BlackElo "1778"]
[PlyCount "45"]
[EventDate "2018.??.??"]

1. e4 c5 2. Nf3 e6 3. d4 cxd4 4. Nxd4 Nc6 5. Nc3 Qc7 6. Be3 a6 7. Bd3 Nf6 8.
O-O b5 9. Nxc6 Qxc6 10. f3 Bc5 11. Qe2 d6 12. a4 b4 13. Nd1 O-O 14. Bxc5 Qxc5+
15. Qe3 Nd7 16. Qxc5 Nxc5 17. Bc4 a5 18. Ne3 Rd8 19. b3 Nd7 20. Rfd1 Nb6 21.
Rd2 Kf8 22. Rad1 Ke7 23. Bb5 1/2-1/2

[Event "SV Kamen 2 - SF Essen-Katernberg  3"]
[Site "Verbandsliga, Gruppe 1 2017/2"]
[Date "2018.02.25"]
[Round "7.8"]
[White "Markert, Kurt"]
[Black "Dette, Tim"]
[Result "0-1"]
[WhiteElo "1730"]
[BlackElo "1816"]
[PlyCount "41"]
[EventDate "2018.??.??"]

1. e4 e6 2. d4 d5 3. Nc3 dxe4 4. Nxe4 Nf6 5. Nxf6+ Qxf6 6. Nf3 h6 7. Bd3 Bd6 8.
c3 O-O 9. O-O c5 10. Bc2 cxd4 11. Qxd4 Qxd4 12. Nxd4 Nc6 13. Nxc6 bxc6 14. Be3
Bb7 15. Be4 f5 16. Bc2 f4 17. Rad1 Ba6 18. Rfe1 fxe3 19. Rxe3 Bc5 20. Rxe6 Rxf2
21. Bb3 0-1

[Event "SV Bottrop 1 - SV Mülheim-Nord 4"]
[Site "Verbandsliga, Gruppe 1 2017/2"]
[Date "2018.02.25"]
[Round "7.1"]
[White "Wittenberg, Andreas"]
[Black "Mohrholz, Uwe"]
[Result "1/2-1/2"]
[WhiteElo "2174"]
[BlackElo "2000"]
[PlyCount "38"]
[EventDate "2018.??.??"]

1. d4 d5 2. Nf3 c6 3. c4 Nf6 4. e3 e6 5. Nbd2 Nbd7 6. b3 Bd6 7. Bb2 Ne4 8. Nxe4
dxe4 9. Nd2 Nf6 10. g3 Bb4 11. Bg2 Qa5 12. a3 Bxd2+ 13. Qxd2 Qxd2+ 14. Kxd2 b6
15. b4 Bb7 16. a4 O-O 17. Ke2 Rfc8 18. f3 a5 19. bxa5 exf3+ 1/2-1/2

[Event "SV Bottrop 1 - SV Mülheim-Nord 4"]
[Site "Verbandsliga, Gruppe 1 2017/2"]
[Date "2018.02.25"]
[Round "7.2"]
[White "Nowak, Steven"]
[Black "Schmidt, Kevin"]
[Result "1/2-1/2"]
[WhiteElo "1952"]
[BlackElo "1878"]
[PlyCount "23"]
[EventDate "2018.??.??"]

1. Nf3 Nf6 2. g3 b5 3. Bg2 Bb7 4. O-O c5 5. d3 d5 6. Bg5 Nbd7 7. Nbd2 h6 8.
Bxf6 Nxf6 9. Ne5 Qc7 10. f4 e6 11. e4 Be7 12. Qe2 1/2-1/2

[Event "SV Bottrop 1 - SV Mülheim-Nord 4"]
[Site "Verbandsliga, Gruppe 1 2017/2"]
[Date "2018.02.25"]
[Round "7.3"]
[White "Kremer, Moritz"]
[Black "Masberg, Stefan"]
[Result "1/2-1/2"]
[WhiteElo "1857"]
[BlackElo "1912"]
[PlyCount "42"]
[EventDate "2018.??.??"]

1. Nf3 Nf6 2. g3 g6 3. Bg2 Bg7 4. O-O O-O 5. d3 d6 6. e4 c5 7. c3 Nc6 8. Nbd2
e5 9. a4 Re8 10. Nc4 Be6 11. Bg5 Qd7 12. Bxf6 Bxf6 13. Nfd2 Bg7 14. Ne3 Ne7 15.
Nd5 Nxd5 16. exd5 Bh3 17. Ne4 Bxg2 18. Kxg2 h6 19. f3 f5 20. Nd2 Qf7 21. c4 Qc7
1/2-1/2

[Event "SV Bottrop 1 - SV Mülheim-Nord 4"]
[Site "Verbandsliga, Gruppe 1 2017/2"]
[Date "2018.02.25"]
[Round "7.4"]
[White "Gierse, Heinz-Dieter"]
[Black "Kelm, Marcel"]
[Result "1-0"]
[WhiteElo "1938"]
[BlackElo "1867"]
[PlyCount "65"]
[EventDate "2018.??.??"]

1. Nf3 Nf6 2. g3 g6 3. Bg2 Bg7 4. d3 d6 5. O-O O-O 6. e4 Nbd7 7. Nbd2 c6 8. a4
a5 9. Rb1 Nc5 10. b3 e5 11. Ba3 Ne6 12. Nc4 Ne8 13. c3 f5 14. Rb2 f4 15. d4 b5
16. axb5 cxb5 17. d5 N6c7 18. Ncd2 Rb8 19. b4 Na8 20. bxa5 Qxa5 21. Bb4 Qc7 22.
Qe2 Bd7 23. Rfb1 Nf6 24. Qd3 fxg3 25. hxg3 Rfc8 26. Ng5 Re8 27. Ne6 Qb6 28. Bh3
Rec8 29. Kg2 Bh6 30. Nb3 Rc4 31. f3 Be8 32. Re2 Nc7 33. Ba5 1-0

[Event "SV Bottrop 1 - SV Mülheim-Nord 4"]
[Site "Verbandsliga, Gruppe 1 2017/2"]
[Date "2018.02.25"]
[Round "7.5"]
[White "Stoer, Agnes"]
[Black "Jaeger, Heinz"]
[Result "0-1"]
[WhiteElo "1801"]
[BlackElo "1951"]
[PlyCount "68"]
[EventDate "2018.??.??"]

1. c4 e5 2. Nc3 Nc6 3. g3 f5 4. e4 fxe4 5. Bg2 Bc5 6. Nxe4 Bd4 7. d3 Nf6 8. Ne2
d6 9. Nxd4 Nxd4 10. h3 O-O 11. Bg5 Be6 12. Nxf6+ gxf6 13. Bh6 Rf7 14. Rc1 Qd7
15. b3 c6 16. Qh5 Kh8 17. g4 Rg8 18. f4 f5 19. g5 exf4 20. O-O Re7 21. Rce1 Bf7
22. Qh4 Rg6 23. Qxf4 c5 24. Kh1 Rge6 25. Rxe6 Rxe6 26. Bd5 Re5 27. Bf3 Qe7 28.
h4 Re1 29. Bg2 Bh5 30. Rxe1 Qxe1+ 31. Qf1 Qxh4+ 32. Bh3 Bf3+ 33. Kh2 Qf4+ 34.
Kg1 Qg3+ 0-1

[Event "SV Bottrop 1 - SV Mülheim-Nord 4"]
[Site "Verbandsliga, Gruppe 1 2017/2"]
[Date "2018.02.25"]
[Round "7.6"]
[White "Tochtrop, Lothar"]
[Black "Bartelt, Max Peter"]
[Result "1-0"]
[WhiteElo "1845"]
[BlackElo "1822"]
[PlyCount "147"]
[EventDate "2018.??.??"]

1. e4 c5 2. Nf3 d6 3. d4 cxd4 4. Nxd4 Nf6 5. Nc3 Nc6 6. Bc4 g6 7. Nxc6 bxc6 8.
e5 Nd7 9. exd6 exd6 10. O-O Ne5 11. Re1 Be7 12. Bb3 O-O 13. Bf4 Ng4 14. h3 Nf6
15. Rxe7 Qxe7 16. Bxd6 Qd7 17. Bxf8 Kxf8 18. Qf3 Kg7 19. Rd1 Qc7 20. Nb5 Qb6
21. Nd6 Be6 22. Bxe6 fxe6 23. Nc4 Qc5 24. b3 Nd5 25. Qd3 Nf4 26. Qe3 Qg5 27.
Qe5+ Qxe5 28. Nxe5 c5 29. Rd7+ Kf6 30. Ng4+ Kf5 31. Rxh7 Ne2+ 32. Kf1 Nc3 33.
f3 Kf4 34. Nf2 Rd8 35. Nd3+ Ke3 36. Rxa7 c4 37. bxc4 Rb8 38. Ne1 e5 39. Rd7 e4
40. fxe4 Nxe4 41. Rd3+ Kf4 42. Rf3+ Kg5 43. Ke2 Ra8 44. a3 Re8 45. Re3 Ng3+ 46.
Kd3 Rd8+ 47. Kc3 Nf5 48. Nf3+ Kf4 49. Rd3 Ra8 50. Kb4 Rb8+ 51. Kc3 Ra8 52. Kb2
Ne3 53. Nd2 Nxg2 54. Rf3+ Ke5 55. Rg3 Nf4 56. Nb3 Kf5 57. c5 Nd5 58. Nd4+ Ke4
59. Rg4+ Ke5 60. Nc6+ Kf6 61. Rd4 Ne3 62. Rd6+ Kg5 63. Kb3 Kh5 64. Rd8 Ra6 65.
Nb4 Ra7 66. c6 Nf5 67. Rd7 Ra8 68. c7 Rc8 69. Nd5 Nd4+ 70. Kc4 Ne6 71. Kb5 Kh4
72. Rh7+ Kg3 73. Kb6 Ng5 74. Re7 1-0

[Event "SV Bottrop 1 - SV Mülheim-Nord 4"]
[Site "Verbandsliga, Gruppe 1 2017/2"]
[Date "2018.02.25"]
[Round "7.7"]
[White "Sarnoch, Ewald"]
[Black "Huestegge, Ulrich"]
[Result "0-1"]
[WhiteElo "1344"]
[BlackElo "1819"]
[PlyCount "76"]
[EventDate "2018.??.??"]

1. c4 d6 2. Nc3 e5 3. e3 Nc6 4. Nf3 Nf6 5. d4 Be7 6. dxe5 dxe5 7. Qxd8+ Bxd8 8.
a3 O-O 9. b4 Re8 10. Be2 Bf5 11. O-O a6 12. Rd1 Be7 13. Bb2 Be6 14. Nd5 e4 15.
Nxc7 exf3 16. Bxf3 Bxc4 17. Nxa8 Rxa8 18. Rac1 Bb5 19. g4 h6 20. Kg2 a5 21.
bxa5 Rxa5 22. Rc3 Ba4 23. Rd2 Rg5 24. h3 Rc5 25. Rxc5 Bxc5 26. Kg3 Na5 27. Rd8+
Kh7 28. Bxf6 gxf6 29. Bd1 Bxd1 30. Rxd1 Bxa3 31. Rd5 b6 32. h4 Nc4 33. g5 hxg5
34. hxg5 fxg5 35. Rxg5 f6 36. Rg4 b5 37. Kh4 Ne5 38. Rg1 Nf3+ 0-1

[Event "SV Bottrop 1 - SV Mülheim-Nord 4"]
[Site "Verbandsliga, Gruppe 1 2017/2"]
[Date "2018.02.25"]
[Round "7.8"]
[White "Gruber, Herbert"]
[Black "Hausrath, Michaela"]
[Result "1/2-1/2"]
[WhiteElo "1736"]
[BlackElo "1732"]
[PlyCount "98"]
[EventDate "2018.??.??"]

1. e4 c5 2. Nf3 Nc6 3. d4 cxd4 4. Nxd4 Nf6 5. Nc3 e5 6. Ndb5 d6 7. Bg5 a6 8.
Na3 b5 9. Nd5 Qa5+ 10. Bd2 Qd8 11. Nxf6+ gxf6 12. c4 b4 13. Nc2 a5 14. Ne3 Nd4
15. Nd5 f5 16. Be3 Bg7 17. exf5 Bxf5 18. Bd3 Bxd3 19. Qxd3 O-O 20. O-O f5 21.
f4 Qh4 22. Bxd4 exd4 23. g3 Qd8 24. Rae1 Ra7 25. Re6 Raf7 26. Rfe1 Kh8 27. a3
Qb8 28. axb4 axb4 29. b3 Kg8 30. Re7 Kh8 31. Qd2 Rxe7 32. Rxe7 Re8 33. Rxe8+
Qxe8 34. Kf2 h6 35. Qd3 Qb8 36. Qxf5 Qa7 37. Qd3 Qa2+ 38. Kg1 Qa1+ 39. Kg2 Qa2+
40. Kh3 Qa1 41. f5 Qe1 42. Kg4 Qc1 43. h4 Qe1 44. f6 Qe6+ 45. Qf5 h5+ 46. Kg5
Bh6+ 47. Kg6 Qxf5+ 48. Kxf5 d3 49. Kg6 d2 1/2-1/2

[Event "SV Mülheim-Nord 3 - SV Hamm 1"]
[Site "Verbandsliga, Gruppe 2 2017/2"]
[Date "2018.02.25"]
[Round "7.1"]
[White "Spyrou, Emmanouil"]
[Black "Walter, Andreas"]
[Result "0-1"]
[WhiteElo "2194"]
[BlackElo "2122"]
[PlyCount "56"]
[EventDate "2018.??.??"]

1. d4 Nf6 2. c4 e6 3. Nf3 d5 4. Nc3 Bb4 5. Bg5 h6 6. Bxf6 Qxf6 7. Qa4+ Nc6 8.
Ne5 Bd7 9. Nxc6 Bxc3+ 10. bxc3 Bxc6 11. Qb4 dxc4 12. f3 e5 13. Qxc4 O-O-O 14.
Rd1 e4 15. g3 Bd5 16. Bh3+ Kb8 17. Qb5 exf3 18. O-O fxe2 19. Qxe2 Qc6 20. Qd2
Rhe8 21. Rfe1 Bf3 22. Rb1 Rxe1+ 23. Rxe1 Re8 24. Bf1 Rxe1 25. Qxe1 Qe4 26. Qd2
Bg4 27. a3 a6 28. a4 Bd7 0-1

[Event "SV Mülheim-Nord 3 - SV Hamm 1"]
[Site "Verbandsliga, Gruppe 2 2017/2"]
[Date "2018.02.25"]
[Round "7.2"]
[White "Wagner, Leopold Franziskus"]
[Black "Voss, Hubertus"]
[Result "1-0"]
[WhiteElo "2122"]
[BlackElo "2089"]
[PlyCount "105"]
[EventDate "2018.??.??"]

1. Nf3 d5 2. g3 g6 3. c4 c6 4. Bg2 Bg7 5. d4 Nf6 6. Nc3 O-O 7. Qb3 e6 8. O-O
Nbd7 9. Rd1 Qe7 10. Bf4 dxc4 11. Qxc4 Nd5 12. Bd2 N5b6 13. Qb3 e5 14. Bg5 Bf6
15. Bxf6 Qxf6 16. Ne4 Qe7 17. dxe5 Nxe5 18. Nxe5 Qxe5 19. f4 Qe7 20. Qc3 f6 21.
Nc5 Be6 22. Rd4 Qf7 23. Rad1 Rae8 24. e4 Kg7 25. b3 Re7 26. Rd6 Bg4 27. R1d2
Nc8 28. Rd8 Rxd8 29. Rxd8 b6 30. h3 Be6 31. Nxe6+ Qxe6 32. Qd4 h5 33. h4 b5 34.
Kh2 Nb6 35. Rd6 Rd7 36. Rxe6 Rxd4 37. Rxc6 Rd7 38. Rc5 b4 39. f5 Kf7 40. Kh3
Kg7 41. fxg6 Rd2 42. e5 fxe5 43. Be4 Kf6 44. Rc6+ Kg7 45. g4 Rd4 46. Rc7+ Rd7
47. Rc5 Rd4 48. Rxe5 Nd7 49. Re7+ Kf8 50. g7+ Kg8 51. Bf5 hxg4+ 52. Kg3 Nc5 53.
h5 1-0

[Event "SV Mülheim-Nord 3 - SV Hamm 1"]
[Site "Verbandsliga, Gruppe 2 2017/2"]
[Date "2018.02.25"]
[Round "7.4"]
[White "Limbourg, Philipp"]
[Black "Hufelschulte, Norbert"]
[Result "1/2-1/2"]
[WhiteElo "2167"]
[BlackElo "2021"]
[Annotator "Daniel"]
[PlyCount "107"]
[EventDate "2018.??.??"]

1. e4 c5 2. Nc3 d6 3. f4 Nc6 4. Nf3 e6 5. Bb5 Bd7 6. Bc4 a6 7. a4 g6 8. d3 Bg7
9. O-O Nd4 10. f5 gxf5 11. exf5 Nxf5 12. Ng5 Ngh6 13. Qh5 Qf6 14. Nxe6 Bxe6 15.
Bxh6 Qxh6 16. Rxf5 Bd4+ 17. Kh1 Qxh5 18. Rxh5 Bxc3 19. bxc3 O-O-O $11 20. Bxe6+
fxe6 21. Re1 e5 22. Rh6 Kc7 23. Kg1 Rdf8 24. c4 Rf7 25. Rf1 Rhf8 26. Rxh7 Rxh7
27. Rxf8 Kb6 28. Rd8 Rh6 29. Rd7 Kc6 30. Rf7 b5 31. cxb5+ axb5 32. a5 c4 33.
dxc4 bxc4 34. a6 Rh8 35. a7 d5 36. Kf2 d4 37. Kf3 Kd5 38. Rd7+ Kc6 39. Rh7 Rd8
40. Rh6+ Kc5 41. Ra6 Ra8 42. Ke4 Kb4 43. Kxe5 d3 44. cxd3 cxd3 45. Ke4 d2 46.
Rd6 Kc3 47. Ke3 Re8+ 48. Kf4 Ra8 49. g4 Rxa7 50. g5 Rh7 51. Kg3 Re7 52. Kf4 Rh7
53. Kg3 Re7 54. Kf4 1/2-1/2

[Event "SV Mülheim-Nord 3 - SV Hamm 1"]
[Site "Verbandsliga, Gruppe 2 2017/2"]
[Date "2018.02.25"]
[Round "7.5"]
[White "Vierbuchen, Joachim"]
[Black "Simanowski, Mio"]
[Result "1-0"]
[WhiteElo "1884"]
[BlackElo "1933"]
[Annotator "Daniel"]
[PlyCount "75"]
[EventDate "2018.??.??"]

1. d4 d5 2. c4 c6 3. Nf3 Nf6 4. Nc3 e6 5. Bg5 Nbd7 6. e3 Bb4 7. Nd2 Qa5 8. Qc2
dxc4 9. Bxf6 Nxf6 10. Bxc4 Nd5 11. Rc1 Nxc3 12. bxc3 Bd6 13. f4 Qf5 14. Bd3 Qg4
15. O-O Be7 16. Rce1 Bh4 17. Rb1 Be7 18. Nc4 Qh5 19. Rf3 Qd5 20. Rh3 h5 21. Ne5
Bf6 22. Rf3 Qd6 23. Nc4 Qc7 24. e4 b6 25. e5 Be7 26. Ne3 Bb7 $11 27. f5 c5 28.
Be4 cxd4 29. Bxb7 Qxb7 30. cxd4 Rc8 31. Qb3 Qd7 32. fxe6 Qxe6 33. Qa4+ Qd7 34.
Qxd7+ Kxd7 35. Rxf7 Rhf8 36. Rbf1 Ke6 37. d5+ Kd7 38. d6 1-0

[Event "SV Mülheim-Nord 3 - SV Hamm 1"]
[Site "Verbandsliga, Gruppe 2 2017/2"]
[Date "2018.02.25"]
[Round "7.6"]
[White "Kuipers, Dustin"]
[Black "Woertler, Lars-Erik"]
[Result "1/2-1/2"]
[WhiteElo "2039"]
[BlackElo "1843"]
[PlyCount "114"]
[EventDate "2018.??.??"]

1. Nf3 Nf6 2. g3 d5 3. Bg2 Bf5 4. c4 c6 5. cxd5 cxd5 6. Qb3 Qc8 7. Nc3 e6 8. d3
Be7 9. Bf4 O-O 10. Rc1 Nc6 11. O-O Qd7 12. e4 Bg4 13. Ne5 Nxe5 14. Bxe5 Rac8
15. exd5 Nxd5 16. Nxd5 exd5 17. Bxd5 b6 18. Rfe1 Rcd8 19. Bc6 Qxd3 20. Qxd3
Rxd3 21. Bxg7 Kxg7 22. Rxe7 Rd2 23. Rxa7 Rxb2 24. Bd5 Bh3 25. a4 Rd2 26. Bg2
Be6 27. Ra8 Rxa8 28. Bxa8 Rb2 29. Bc6 Bh3 30. Bb5 Bf5 31. Kf1 Rb1 32. Rxb1 Bxb1
33. Ke2 Kf6 34. Bd3 Ba2 35. Kd2 h6 36. Kc3 Bd5 37. Kd4 Bc6 38. Bb5 Bf3 39. Ke3
Bd5 40. Kf4 Bb3 41. Bc6 Bc2 42. h4 Bb3 43. Ke4 Ke6 44. Kd4 Kd6 45. Bb5 Bc2 46.
f4 f6 47. Be8 Bd1 48. Bb5 Bc2 49. g4 Bd1 50. g5 hxg5 51. hxg5 fxg5 52. fxg5 Ke6
53. Ke4 Bc2+ 54. Kf4 Bb3 55. Be8 Bd1 56. g6 Kf6 57. Ke3 Bxa4 1/2-1/2

[Event "SV Mülheim-Nord 3 - SV Hamm 1"]
[Site "Verbandsliga, Gruppe 2 2017/2"]
[Date "2018.02.25"]
[Round "7.7"]
[White "Sewarte, Jochen"]
[Black "Grodotzki, Kenneth"]
[Result "0-1"]
[WhiteElo "1743"]
[BlackElo "1985"]
[PlyCount "58"]
[EventDate "2018.??.??"]

1. e4 e6 2. Nf3 d5 3. d4 dxe4 4. Ng5 Nf6 5. Nc3 Bb4 6. Bb5+ c6 7. Ba4 Qa5 8.
Bb3 Bxc3+ 9. bxc3 Qxc3+ 10. Bd2 Qxd4 11. c3 Qd3 12. Bc2 Qc4 13. Bb3 Qa6 14. Bc2
Nbd7 15. Nxe4 Nxe4 16. Bxe4 Nf6 17. Bf3 O-O 18. Qc2 e5 19. Be2 Qa3 20. Bd3 Bg4
21. f3 Bh5 22. Rb1 b6 23. c4 Qc5 24. Ke2 e4 25. Bxe4 Nxe4 26. Be3 Qe5 27. g4
Nc3+ 28. Kf2 Bg6 29. f4 Bxc2 0-1

[Event "SV Mülheim-Nord 3 - SV Hamm 1"]
[Site "Verbandsliga, Gruppe 2 2017/2"]
[Date "2018.02.25"]
[Round "7.8"]
[White "Brockhaus, Bernd"]
[Black "Brieger, Sebastian"]
[Result "1-0"]
[WhiteElo "1951"]
[BlackElo "1671"]
[PlyCount "61"]
[EventDate "2018.??.??"]

1. e4 c5 2. c3 d5 3. exd5 Qxd5 4. Nf3 Nf6 5. d4 Bg4 6. Be2 Nc6 7. c4 Qd6 8. d5
Ne5 9. Nc3 a6 10. O-O Nxf3+ 11. Bxf3 Bf5 12. g3 e5 13. dxe6 Bxe6 14. Bxb7 Qxd1
15. Rxd1 Ra7 16. Bc6+ Nd7 17. Bf4 Be7 18. Bb8 Ra8 19. Bxa8 Nxb8 20. Bd5 O-O 21.
Re1 Bxd5 22. Nxd5 Bd8 23. Ne7+ Kh8 24. Rad1 Bc7 25. Rd5 Bb6 26. Re3 g6 27. Rb3
Bd8 28. Rxb8 Bxe7 29. Rxf8+ Bxf8 30. Rd8 Kg7 31. Ra8 1-0

[Event "SG Bochum 3 - SV Rot-Weiß-Altenessen 1"]
[Site "Verbandsliga, Gruppe 2 2017/2"]
[Date "2018.02.25"]
[Round "7.1"]
[White "Praß, Marian"]
[Black "Pilat, Daniel"]
[Result "1-0"]
[WhiteElo "2012"]
[BlackElo "2128"]
[Annotator "Daniel"]
[PlyCount "55"]
[EventDate "2018.??.??"]

1. e4 c5 2. Nf3 e6 3. d4 cxd4 4. Nxd4 a6 5. Bd3 d5 6. exd5 Qxd5 7. O-O Nd7 8.
Nb3 Ngf6 $11 9. Nc3 Qd6 10. Bg5 Qc7 11. Re1 Bd6 12. h3 O-O 13. Ne4 Nxe4 14.
Bxe4 f5 15. Bf3 Ne5 16. Bd2 Nf7 17. Ba5 Qe7 18. c3 e5 19. Bd5 Be6 20. Qd2 Rae8
21. Rad1 Bxd5 22. Qxd5 Qg5 23. Qxb7 Re6 24. Rxd6 Nxd6 25. Qd5 Qf6 26. Nc5 Kf7
27. Bc7 Ke7 28. Nxe6 1-0

[Event "SG Bochum 3 - SV Rot-Weiß-Altenessen 1"]
[Site "Verbandsliga, Gruppe 2 2017/2"]
[Date "2018.02.25"]
[Round "7.2"]
[White "Butschek, Marc"]
[Black "Birdaini, Becir"]
[Result "1/2-1/2"]
[WhiteElo "1974"]
[BlackElo "2010"]
[PlyCount "27"]
[EventDate "2018.??.??"]

1. e4 c6 2. c4 c5 3. Nf3 Nc6 4. d4 cxd4 5. Nxd4 d6 6. Be3 Nf6 7. Nc3 Bd7 8. Bd3
g6 9. O-O Bg7 10. Qd2 O-O 11. f3 a6 12. Rac1 Rc8 13. Be2 Re8 14. Nd5 1/2-1/2

[Event "SG Bochum 3 - SV Rot-Weiß-Altenessen 1"]
[Site "Verbandsliga, Gruppe 2 2017/2"]
[Date "2018.02.25"]
[Round "7.3"]
[White "Cavasin, Joerg"]
[Black "Fistoul, Boris"]
[Result "1/2-1/2"]
[WhiteElo "1891"]
[BlackElo "1999"]
[PlyCount "28"]
[EventDate "2018.??.??"]

1. Nf3 e6 2. c4 f5 3. Nc3 Nf6 4. d4 d5 5. Bg5 c6 6. e3 Bd6 7. Ne5 Nbd7 8. f4
O-O 9. Be2 Bb4 10. O-O Bxc3 11. bxc3 Qa5 12. Nxd7 Bxd7 13. Bxf6 Rxf6 14. Qb3 b5
1/2-1/2